MDQL
is popping MORE tags! Check the
thread
!
Quizzes
Events
Quiz Creation
Community
Videos
Private Events
Remove Ads
Sign In
Join for FREE
Feedback
Dark Mode
Quiz Categories
Sports
Geography
Music
Movies
Television
Just For Fun
Miscellaneous
History
Literature
Language
Science
Gaming
Entertainment
Religion
Holiday
For Kids
Quiz Lab
Recent
Popular Today
Quiz Kudos Today
Editor Picks
Curator Picks
Quizzes by...
Day
Popularity
Type
Ratings
Length
Year
Community
Subscriptions
Recent Discussions
Orange Saloon
Badges
Playlists
Quests
Create
Leaderboards
Showdown
Live 5
Trivia Bingo
Activity
Puzzle Library
Sporcle Events
Private Events
Virtual Trivia
Globe League
Become a Host
Pub Owners
SporcleCon
Opinionation
Our Games
Videos
Blog
Mobile Apps
Partnerships
Remove Ads and Go Orange
Feedback
Sports
Athletes
MLB
NBA
NHL
NFL
Soccer
Sports Teams
WWE
NCAA
Football
Premier League
Basketball
Baseball
Hockey
Golf
Tennis
Cricket
Rugby
Auto Racing
Olympics
World Cup
Sports
Athletes
MLB
NBA
NHL
NFL
Soccer
Sports Teams
WWE
NCAA
Football
Premier League
Basketball
Baseball
Hockey
Golf
Tennis
Cricket
Rugby
Auto Racing
Olympics
World Cup
Random Quiz
Search Sporcle
×
Quiz Lab
Quiz Lab
Sports
NHL
Type in answers that appear in a list
Type in answers that appear in a list
Classic
Best Score? Go Orange.
Leading Defensemen Scorers 1991-2021 Stats
Can you name the top ten scoring defensemen in the NHL from 1991-2021?
By
slowBURN71
19m
300 Questions
513 Plays
513 Plays
513 Plays
Comments
Comments
Give Quiz Kudos
Give Quiz Kudos
-
- Ratings
hide this ad
Replay
Link that replays current quiz
Next Quiz
Link to next quiz in quiz playlist
You Got
0%
They Got
Avg Score
87%
Avg Friend Score
Upgrade to see
Score Distribution
Jump to the score distribution portion of the page
Score
0/300
Timer
19:00
0
Plays Today
Year
Player
% Correct
2012-
13
Brian Campbell, Justin Schultz, Mark Streit, Duncan Keith, Alex Goligoski, Sergei Gonchar
99.8%
2010-
11
Erik Karlsson, Duncan Keith
99.8%
2014-
15
Brent Burns, P.K. Subban
99.6%
2012-
13
P.K. Subban, Kris Letang
99.6%
2017-
18
Brent Burns, John Klingberg
99.5%
2018-
19
Kris Letang, Roman Josi
99.4%
2018-
19
Brent Burns
99.4%
2016-
17
Erik Karlsson
99.4%
2016-
17
Duncan Keith
99.4%
2015-
16
Erik Karlsson
99.4%
2014-
15
Erik Karlsson
99.4%
2013-
14
Erik Karlsson
99.4%
2013-
14
Duncan Keith
99.4%
2013-
14
Shea Weber, Dustin Byfuglien
99.4%
2012-
13
Dion Phaneuf, Shea Weber, Dustin Byfuglien
99.4%
2011-
12
Erik Karlsson
99.4%
2009-
10
Duncan Keith
99.4%
2016-
17
Brent Burns
99.2%
2015-
16
Brent Burns
99.2%
2015-
16
Kris Letang
99.2%
2015-
16
Shea Weber, Drew Doughty, Ryan Suter, P.K. Subban
99.2%
2014-
15
Kris Letang
99.2%
2013-
14
Brent Burns
99.2%
2010-
11
Christian Ehrhoff, Dan Boyle, Kris Letang
99.2%
2010-
11
Brent Burns, Alex Goligoski, John-Michael Liles
99.2%
2017-
18
Erik Karlsson
99.1%
2017-
18
Victor Hedman
99.1%
2010-
11
Shea Weber, Brent Seabrook, Brian Rafalski
99%
2019-
20
Brent Burns
98.9%
2018-
19
Victor Hedman
98.9%
2013-
14
P.K. Subban, Keith Yandle
98.8%
1995-
96
Gary Suter, Nicklas Lidstrom
98.8%
2011-
12
Dennis Wideman, Ryan Suter
98.6%
2008-
09
Sheldon Souray, Shea Weber
98.6%
2017-
18
P.K. Subban, Torey Krug
98.6%
2017-
18
Drew Doughty
98.6%
2011-
12
Dustin Byfuglien, Brian Campbell
98.4%
2009-
10
Mark Streit, Nicklas Lidstrom, Tomas Kaberle
98.4%
2012-
13
Ryan Suter
98.2%
2011-
12
Shea Weber, Alex Edler
98.2%
2011-
12
Keith Yandle, Kevin Shattenkirk, Kimmo Timonen
98.2%
2001-
02
Sergei Gonchar, Nicklas Lidstrom
98.2%
1994-
95
Gary Suter
98.2%
1992-
93
Gary Suter
98.2%
1990-
91
Gary Suter
98.2%
2008-
09
Nicklas Lidstrom, Scott Niedermayer, Brian Rafalski
98.1%
2003-
04
Scott Niedermayer, Chris Pronger
98.1%
1998-
99
Chris Pronger, Scott Niedermayer
98.1%
2016-
17
Dustin Byfuglien
97.9%
2015-
16
Dustin Byfuglien
97.9%
2010-
11
Nicklas Lidstrom
97.9%
2010-
11
Dustin Byfuglien
97.9%
2007-
08
Nicklas Lidstrom
97.9%
2007-
08
Zdeno Chara, Ed Jovanovski
97.9%
2006-
07
Nicklas Lidstrom
97.9%
2005-
06
Nicklas Lidstrom
97.9%
2002-
03
Nicklas Lidstrom
97.9%
2000-
01
Nicklas Lidstrom
97.9%
1999-
00
Nicklas Lidstrom
97.9%
1998-
99
Nicklas Lidstrom, Ray Bourque
97.9%
1997-
98
Nicklas Lidstrom
97.9%
1996-
97
Nicklas Lidstrom
97.9%
1991-
92
Nicklas Lidstrom
97.9%
2019-
20
Victor Hedman
97.8%
2019-
20
Roman Josi
97.8%
2017-
18
John Carlson
97.7%
2018-
19
John Carlson
97.7%
2020-
21
Roman Josi
97.6%
2020-
21
Drew Doughty
97.6%
2020-
21
John Carlson, Cale Makar
97.6%
2020-
21
Victor Hedman, Kris Letang
97.6%
2009-
10
Drew Doughty
97.5%
2008-
09
Zdeno Chara, Dennis Wideman
97.5%
1997-
98
Scott Niedermayer, Sergei Zubov
97.5%
2014-
15
Mark Streit, Keith Yandle
97.3%
2012-
13
Andrei Markov, Keith Yandle
97.3%
2009-
10
Tyler Myers, Scott Niedermayer
96.9%
2006-
07
Scott Niedermayer
96.9%
2005-
06
Scott Niedermayer
96.9%
2001-
02
Chris Pronger, Brian Rafalski
96.9%
2017-
18
Alex Pietrangelo
96.8%
2017-
18
Keith Yandle
96.8%
2019-
20
Ryan Suter
96.7%
2019-
20
John Carlson
96.7%
2010-
11
Keith Yandle
96.7%
2006-
07
Ryan Whitney, Chris Pronger
96.7%
2018-
19
Keith Yandle
96.6%
2013-
14
Alex Pietrangelo, James Wisniewski
96.5%
2009-
10
Chris Pronger
96.5%
2009-
10
Sergei Gonchar, Toby Enstrom
96.5%
2008-
09
Chris Pronger
96.5%
2005-
06
Chris Pronger
96.5%
1999-
00
Chris Pronger
96.5%
2020-
21
Darnell Nurse, John Klingberg, Makenzie Weegar
96.4%
2017-
18
Seth Jones, Tyson Barrie
96.4%
2015-
16
Brent Seabrook, Tyson Barrie
96.3%
2012-
13
Niklas Kronwall, Kimmo Timonen, Cody Franson
96.3%
2012-
13
Francois Beauchemin, Alex PIetrangelo, Dan Hamhuis, Oliver Ekman-Larsson
96.1%
2000-
01
Rob Blake, Ray Bourque
96.1%
2016-
17
Justin Schultz, Torey Krug
95.9%
Year
Player
% Correct
2011-
12
Zdeno Chara
95.7%
2007-
08
Sergei Gonchar
95.7%
2006-
07
Sergei Gonchar
95.7%
2005-
06
Sergei Gonchar
95.7%
2003-
04
Sergei Gonchar
95.7%
2002-
03
Sergei Gonchar
95.7%
2000-
01
Sergei Gonchar
95.7%
1999-
00
Sergei Gonchar
95.7%
2019-
20
Cale Makar
95.6%
1997-
98
Rob Blake, Brian Leetch
95.5%
1994-
95
Ray Bourque, Phil Housley
95.5%
2018-
19
Tyson Barrie
95.4%
2016-
17
Victor Hedman
95.3%
2013-
14
Victor Hedman
95.3%
2007-
08
Mark Streit, Brian Campbell
95.3%
1999-
00
Ray Bourque, Sandis Ozolinsh
95.3%
1997-
98
Kevin Hatcher, Ray Bourque
95.3%
1996-
97
Ray Bourque
95.1%
1995-
96
Ray Bourque
95.1%
1993-
94
Ray Bourque
95.1%
1992-
93
Steve Duchesne, Ray Bourque
95.1%
1991-
92
Ray Bourque
95.1%
1990-
91
Ray Bourque
95.1%
2006-
07
Kimmo Timonen, Brian Rafalski
94.9%
2016-
17
Alex Pietrangelo
94.7%
2011-
12
Alex Pietrangelo
94.7%
2019-
20
Alex Pietrangelo
94.5%
2016-
17
Dougie Hamilton, Roman Josi
94.3%
2014-
15
Andrei Markov
94.3%
2008-
09
Andrei Markov
94.3%
2007-
08
Andrei Markov
94.3%
2000-
01
Mathieu Schneider, Sergei Zubov
94.3%
1998-
99
Eric Desjardins, Sergei Zubov
94.3%
2015-
16
Roman Josi
94.2%
2014-
15
Roman Josi, John Carlson
94.2%
2011-
12
Mark Streit
94.2%
2008-
09
Mark Streit
94.2%
1995-
96
Al MacInnis, Larry Murphy
94.2%
1991-
92
Larry Murphy, Al MacInnis
94.2%
2020-
21
Tyson Barrie
94%
2001-
02
Sergei Zubov, Janne Niinimaa
93.8%
1995-
96
Paul Coffey
93.8%
1994-
95
Paul Coffey
93.8%
1993-
94
Paul Coffey
93.8%
1992-
93
Paul Coffey
93.8%
1991-
92
Paul Coffey
93.8%
1990-
91
Paul Coffey
93.8%
2018-
19
Mark Giordano
93.7%
2012-
13
Paul Martin, Kevin Shattenkirk
93.6%
2006-
07
Sergei Zubov
93.6%
2005-
06
Sergei Zubov
93.6%
2003-
04
Brian Leetch
93.6%
2003-
04
Mathieu Schneider, Rob Blake
93.6%
2003-
04
Kim Johnsson, Brent Sopel, Sergei Zubov, Paul Mara
93.6%
2002-
03
Sergei Zubov
93.6%
2002-
03
Rob Blake, Wade Redden, Jaroslav Spacek, Robert Svehla
93.6%
2001-
02
Brian Leetch
93.6%
2000-
01
Brian Leetch
93.6%
1998-
99
Brian Leetch
93.6%
1996-
97
Brian Leetch
93.6%
1995-
96
Brian Leetch
93.6%
1995-
96
Sergei Zubov
93.6%
1994-
95
Brian Leetch
93.6%
1994-
95
Sergei Zubov
93.6%
1993-
94
Sergei Zubov
93.6%
1993-
94
Brian Leetch
93.6%
1991-
92
Brian Leetch
93.6%
1990-
91
Brian Leetch
93.6%
2002-
03
Al MacInnis
93.4%
2001-
02
Al MacInnis
93.4%
2000-
01
Al MacInnis
93.4%
1998-
99
Al MacInnis
93.4%
1997-
98
Al MacInnis
93.4%
1993-
94
Al MacInnis
93.4%
1990-
91
Al MacInnis
93.4%
2015-
16
Oliver Ekman-Larsson
93.2%
2016-
17
Kevin Shattenkirk
92.6%
2005-
06
Rob Blake
92.6%
2001-
02
Rob Blake
92.6%
1999-
00
Rob Blake
92.6%
1994-
95
Larry Murphy, Steve Duchesne, Chris Chelios
92.6%
1993-
94
Rob Blake
92.6%
2019-
20
Torey Krug
92.3%
2014-
15
Tyson Barrie
92.2%
1994-
95
Keivn Hatcher, Mathieu Schneider, Eric Desjardins
92.2%
2006-
07
Lubomir Visnovsky, Tomas Kaberle
92%
2005-
06
Lubomir VIsnovsky, Tomas Kaberle
92%
2018-
19
Morgan Rielly
92%
2013-
14
Niklas Kronwall
91.8%
2008-
09
Niklas Kronwall
91.8%
2020-
21
Jeff Petry, Dougie Hamilton, Shea Theodore
91.7%
2012-
13
Mike Green
91.2%
2010-
11
Tomas Kaberle
91.2%
2009-
10
Mike Green
91.2%
2008-
09
Mike Green
91.2%
2007-
08
Mike Green
91.2%
2007-
08
Tomas Kaberle
91.2%
2003-
04
Adrian Aucoin, Kimmo Timonen
91.2%
2002-
03
Tomas Kaberle
91.2%
1999-
00
Eric Desjardins, Phil Housley
91.2%
Year
Player
% Correct
2011-
12
Dan Boyle
90.8%
2009-
10
Dan Boyle
90.8%
2008-
09
Dan Boyle
90.8%
2007-
08
Brian Rafalski
90.8%
2006-
07
Dan Boyle
90.8%
2005-
06
Dan Boyle
90.8%
2002-
03
Dan Boyle
90.8%
2001-
02
Kimmo Timonen, Jaroslav Modry
90.8%
2000-
01
Brian Rafalski
90.8%
1998-
99
Phil Housley
90.8%
1995-
96
Phil Housley
90.8%
1992-
93
Phil Housley
90.8%
1991-
92
Phil Housley
90.8%
1990-
91
Phil Housley
90.8%
1996-
97
Chris Chelios, Bryan Berard, Darryl Sydor
90.4%
1995-
96
Chris Chelios
90.3%
1992-
93
Chris Chelios
90.3%
1990-
91
Chris Chelios
90.3%
1998-
99
Larry Murphy
89.5%
1997-
98
Larry Murphy
89.5%
1993-
94
Larry Murphy
89.5%
1992-
93
Larry Murphy
89.5%
2020-
21
Morgan Rielly
89.3%
2019-
20
Shea Theodore
89%
1997-
98
Sandis Ozolinsh, Teppo Numminen
88.9%
2005-
06
Mathieu Schneider
88.3%
2002-
03
Mathieu Schneider
88.3%
2001-
02
Ed Jovanovski, Teppo Numminen
88.3%
2020-
21
Adam Fox
88.1%
2018-
19
Thomas Chabot
87.9%
1996-
97
Kevin Hatcher
87.9%
1992-
93
Kevin Hatcher
87.9%
1990-
91
Kevin Hatcher
87.9%
2015-
16
Mark Giordano
87.7%
2014-
15
Mark Giordano
87.7%
2013-
14
Mark Giordano
87.7%
2000-
01
Eric Desjardins
87.5%
1996-
97
Eric Desjardins
87.5%
2014-
15
Dennis Wideman
87.1%
2010-
11
Lubomir Visnovsky
87.1%
2009-
10
Lubomir Visnovsky
87.1%
2008-
09
Brian Campbell
86.9%
2011-
12
Dion Phaneuf, Kevin Bieksa
86.7%
2001-
02
Sandis Ozolinsh
86.7%
1996-
97
Sandis Ozolinsh
86.7%
2016-
17
John Klingberg
85.8%
2015-
16
John Klingberg
85.8%
2007-
08
Dion Phaneuf
85.8%
2010-
11
James Wisniewski, Toby Enstrom
85.2%
2002-
03
Ed Jovanovski
84.6%
1991-
92
Jeff Brown, Scott Stevens
83.6%
2017-
18
Shayne Gostisbehere
82.8%
1993-
94
Scott Stevens
82.7%
2003-
04
Wade Redden
82.5%
1997-
98
Boris Mironov, Bryan Berard, Darryl Sydor
82.5%
2020-
21
Jakob Chychrun, Quinton Hughes
82.1%
1997-
98
Steve Duchesne
82.1%
1996-
97
Steve Duchesne
82.1%
1990-
91
Steve Duchesne
82.1%
2019-
20
Anthony Deangelo, Quinton Hughes
80.2%
2006-
07
Sheldon Souray
79.5%
2003-
04
Bryan Berard
77.6%
1998-
99
Darryl Sydor
76.6%
1994-
95
Jeff Brown, Calle Johansson
76.2%
1990-
91
Jeff Brown, James Patrick
75.6%
1993-
94
Jeff Brown
74.9%
1992-
93
Jeff Brown
74.9%
1998-
99
Fredrik Olausson
73.9%
1991-
92
Fredrik Olausson
73.9%
2014-
15
Justin Faulk
72.7%
1998-
99
Boris Mironov
72.1%
1996-
97
Dmitri Mironov
72.1%
1999-
00
Robert Svehla
70.6%
1995-
96
Robert Svehla
70.6%
2003-
04
Bryan McCabe, Marek Zidlicky
69.2%
2006-
07
Bryan McCabe
68.8%
2005-
06
Bryan McCabe
68.8%
2001-
02
Bryan McCabe
68.8%
2018-
19
Erik Gustafsson
67.2%
1991-
92
James Patrick
65.3%
2013-
14
Matt Niskanen
53.6%
1999-
00
Roman Hamrlik
53%
1995-
96
Roman Hamrlik
53%
2000-
01
Oleg Tverdovsky
50.7%
1999-
00
Oleg Tverdovsky
50.7%
1996-
97
Oleg Tverdovsky
50.7%
2012-
13
Slava Voynov
46.4%
2003-
04
Dick Tarnstrom
45.2%
1992-
93
Al Iafrate
44.6%
2002-
03
Tom Poti, Derek Morris
40%
2009-
10
Joni Pitkanen
38%
1997-
98
Alexei Zhitnik
35.7%
1994-
95
Todd Gill, Garry Galley
32.7%
2007-
08
Joe Corvo
31.6%
1993-
94
Garry Galley
31%
1992-
93
Zarley Zalapski
30.6%
1991-
92
Zarley Zalapski
30.6%
1999-
00
Sean Hill
20.3%
2000-
01
Dan McGillis
17.7%
1994-
95
Jeff Norton
17%
Quiz Playlist
Details
Report
Send in Message
Add To Playlist
Classic:
Type in answers that appear in a list
Quiz Source
Last Updated: May 27, 2021
Quiz Scoreboard
CHALLENGE
Sign Up to Join the Scoreboard
Show All
Scores
Hide
Comments
May contain spoilers
Recently Published
Find the 'City' Movie
by crazypaving
Movies
60s
5x2 Blitz: Bands
by SL_Kpop136
Music
30s
Colored Red Africa Blitz
by spor1
Geography
30s
More to Explore
Quiz From the Vault
Featured Blog Post
14 Easter Pick-up Lines to Find Eggs With
hide this ad
You Might Also Like...
Tags
NHL Quiz
NHL Player
NHL Points
Today's Top Quizzes in Sports
Browse Sports
hide this ad
Today's Top Quizzes in NHL
Browse NHL
Top Contributed Quizzes in Sports
1
Players with Multiple 50 Home Run Seasons
2
Les entraîneurs de l'OM et du PSG au 21e siècle
3
Criteria MLB: Left Handed Sluggers
4
2022 World Cup Stars
5
Les meilleurs buteurs des matchs entre le PSG et l’OM
6
Who Hit More Homers?
7
Les joueurs passés par le PSG et l'OM
8
NBA Logic Puzzle 2.0
9
Top 10 NHL Goal Scorers of All Time
10
MLB Players with Two .350 Batting Average Seasons
Explore More
Trending Topics
Harry Potter
Kpop
Crossword
Marvel
NBA
Disney
Anime
NFL
Country
Song
Soccer
Puzzle
Pokémon
The Office
WWE
hide this ad
More By:
slowBURN71
Quiz
Plays
Rating
Category
Featured
Created
Leading Scorers 1992-2022
1,765
4.88
Sports
Dec 15, 2012
NHL Career Points
1,597
4.67
Sports
Dec 28, 2012
NHL Active Goals Leaders
1,494
4.83
Sports
Aug 18, 2012
NHL - Most Points - Season
1,291
5.00
Sports
Aug 23, 2012
Pittsburgh Penguins Top 10 Scorers
1,184
4.75
Sports
Jul 31, 2012
Go to Creator's Profile
Score Distribution
Quiz Creator Spotlight
slowBURN71
Follow
Send a Message
Quizzes Created
-
Created Quiz Play Count
-
More By This Creator
Popular Quizzes Today
1
Colored Red Africa Blitz
2
Find the US States - No Outlines Minefield
3
Find the 'City' Movie
4
5x2 Blitz: Bands
5
The Countries of the World
6
Find the US States
7
US States
8
9x9 Crossword: Cartoon Network
More Sports Quizzes
PFF Top 101: NFL 2021
Quiz Lab
Trending Quizzes
Colored Red Europe Blitz I
Colored Red Europe Blitz II
Colored Red Africa Blitz II
Colored Red Africa Blitz III
Colored Red Europe Blitz III
Recently Updated
Godzilla Movies
pecheneg
Grab Bag: 4-10 Letters
pecheneg
2024 March Madness Bracket
pecheneg
Famous TV Couples
Peacemaker
Champions League XIs: Real Madrid
pecheneg
Largest US Cities 1790-2010
pecheneg
Rides in Walt Disney World
pecheneg
Most Oscar Losses (Acting)
pecheneg
Beyoncé Albums
pecheneg
Leaping Animals
pecheneg
Trending Topics
Anime
Kpop
NBA
Harry Potter
Crossword
Disney
Marvel
The Office
Puzzle
Song
NFL
WWE
Soccer
Country
Pokémon
Your Account Isn't Verified!
In order to create a playlist on Sporcle, you need to verify the email address you used during registration. Go to your
Sporcle Settings
to finish the process.
Report this User
Report this user for behavior that violates our
Community Guidelines
.
Details:
Send Report
Go to the Sporcle.com Mobile Site →
Comments